000
00317pam a2200145 a 4500
020
_a
978-007-127590-3
_c
041
_h
082
_a
540
100
_a
Chang R.
_e
Author
245
_a
Chemistry
_c
Chang R.
_h
Textual Documents
250
_a
9th Ed.
260
_b
McGraw Hill
_c
2008
300
_a
1061
930
_a
275
999
_c
244462
_d
244462